[Event "Gibtelecom Masters 8th"]
[Site "Gibraltar"]
[Date "2010.02.04"]
[Round "10.44"]
[White "Demac, Elias"]
[Black "Schoene, Maria"]
[Result "1-0"]
[WhiteElo "2104"]
[BlackElo "2251"]
[PlyCount "97"]
[EventDate "2010.01.26"]
[EventType "swiss"]
[EventRounds "10"]
[EventCountry "GGB"]
[SourceDate "2005.02.07"]

1. d4 g6 2. c4 Nf6 3. Nc3 Bg7 4. e4 d6 5. Nf3 O-O 6. Be2 e5 7. d5 Nbd7 8. Be3
Ng4 9. Bd2 a5 10. h3 Ngf6 11. Bg5 h6 12. Be3 Nc5 13. Nd2 Bd7 14. g4 Ne8 15. h4
f5 16. gxf5 gxf5 17. exf5 Bxf5 18. Nf1 Nf6 19. Rg1 Kh7 20. Ng3 Bd7 21. Qc2+ Kh8
22. O-O-O Ng4 23. Bxg4 Bxg4 24. Qg6 Qd7 25. Nh5 Bxh5 26. Qxh5 Qf5 27. Rg5 Nd3+
28. Kd2 Qh7 29. Rxg7 Qxg7 30. Kxd3 Qh7+ 31. Kd2 Rf5 32. Qe2 Rg8 33. Ne4 Qg6 34Ng3 Rf6 35. Qd3 Qg4 36. b3 Rf3 37. Rg1 a4 38. Ne2 Qxh4 39. Rxg8+ Kxg8 40. Qg6+
Kh8 41. Bxh6 Qf6 42. Bg7+ Qxg7 43. Qh5+ Qh7 44. Qxf3 Qb1 45. Nc1 Qb2+ 46. Kd1
axb3 47. axb3 Qd4+ 48. Kc2 b5 49. Qe3 1-0

[Event "Gibtelecom Masters 8th"]
[Site "Gibraltar"]
[Date "2010.02.04"]
[Round "10.45"]
[White "Overeem, Marc"]
[Black "Fegan, Chris"]
[Result "1/2-1/2"]
[WhiteElo "2245"]
[BlackElo "2093"]
[PlyCount "84"]
[EventDate "2010.01.26"]
[EventType "swiss"]
[EventRounds "10"]
[EventCountry "GGB"]
[SourceDate "2005.02.07"]

1. c4 g6 2. e4 Bg7 3. d4 d6 4. Nc3 e5 5. dxe5 dxe5 6. Qxd8+ Kxd8 7. f4 exf4 8Bxf4 Bxc3+ 9. bxc3 c6 10. O-O-O+ Ke8 11. Nf3 f6 12. e5 Bg4 13. exf6 Bxf3 14gxf3 Nxf6 15. Bh3 Kf7 16. Rhe1 Na6 17. Be6+ Kg7 18. Bd6 Rad8 19. f4 Rhe8 20Kc2 b6 21. f5 Nc5 22. Bxc5 bxc5 23. Rxd8 Rxd8 24. Re5 Ng4 25. Rxc5 Rd6 26. Kb3
Nxh2 27. Ra5 Kf6 28. c5 Rd8 29. Rxa7 gxf5 30. Bc4 h5 31. Rc7 Nf3 32. Be2 Nd2+
33. Kb4 h4 34. Rh7 Ne4 35. Rxh4 Rd2 36. Bc4 Kg5 37. Rh8 Rb2+ 38. Bb3 f4 39Rg8+ Kf5 40. Rf8+ Kg4 41. Rg8+ Kf5 42. Rf8+ Kg4 1/2-1/2

[Event "Gibtelecom Masters 8th"]
[Site "Gibraltar"]
[Date "2010.02.04"]
[Round "10.46"]
[White "Al-Tamimi, Hamad"]
[Black "Bindrich, Oswald"]
[Result "1/2-1/2"]
[WhiteElo "2238"]
[BlackElo "2173"]
[PlyCount "83"]
[EventDate "2010.01.26"]
[EventType "swiss"]
[EventRounds "10"]
[EventCountry "GGB"]
[SourceDate "2005.02.07"]

1. e4 c5 2. Nf3 d6 3. Bb5+ Nd7 4. d4 Ngf6 5. Nc3 cxd4 6. Qxd4 e5 7. Qd3 h6 8O-O Be7 9. Be3 O-O 10. Rfd1 Nb8 11. b3 Be6 12. Bc4 Nc6 13. a3 a6 14. Nd2 b5 15Bd5 Rc8 16. Bxc6 Rxc6 17. Nd5 Bxd5 18. exd5 Rc8 19. a4 Nh5 20. Qe2 Nf4 21. Bxf4
exf4 22. axb5 axb5 23. c3 b4 24. cxb4 Rc2 25. Qe4 Rb2 26. Rab1 Ra2 27. b5 Bf6
28. b6 Qa8 29. Qc4 Rb8 30. b7 Qa7 31. Qc8+ Kh7 32. Qf5+ Kg8 33. Qc8+ Kh7 34Qf5+ Kg8 35. Ne4 Bd4 36. Qc8+ Kh7 37. Qf5+ Kg8 38. Qc8+ Kh7 39. Qf5+ Kg8 40Rdc1 Bxf2+ 41. Kh1 Bc5 42. Nxc5 1/2-1/2

[Event "Gibtelecom Masters 8th"]
[Site "Gibraltar"]
[Date "2010.02.04"]
[Round "10.47"]
[White "Havik, Victor"]
[Black "Arvola, Benjamin"]
[Result "0-1"]
[WhiteElo "2093"]
[BlackElo "2218"]
[PlyCount "70"]
[EventDate "2010.01.26"]
[EventType "swiss"]
[EventRounds "10"]
[EventCountry "GGB"]
[SourceDate "2005.02.07"]

1. d4 f5 2. c4 e6 3. g3 Nf6 4. Bg2 c6 5. Nh3 d6 6. Nc3 Be7 7. O-O e5 8. dxe5
dxe5 9. Qc2 Na6 10. a3 Nc5 11. b4 Ne6 12. e3 a5 13. b5 e4 14. Rd1 Qc7 15. Bb2
Ng4 16. bxc6 bxc6 17. Nxe4 fxe4 18. Qxe4 Rb8 19. Qxc6+ Qxc6 20. Bxc6+ Kf7 21Bc3 Bf6 22. Bxf6 Kxf6 23. Bb5 Nc7 24. Nf4 Nxb5 25. Nd5+ Ke5 26. f4+ Ke4 27Rab1 Be6 28. Rxb5 Bxd5 29. Rbxd5 Nxe3 30. Re5+ Kf3 31. Re1 Rb3 32. Rxa5 Rd8 33Re5 Rd2 34. c5 Rg2+ 35. Kh1 Ng4 0-1

[Event "Gibtelecom Masters 8th"]
[Site "Gibraltar"]
[Date "2010.02.04"]
[Round "10.48"]
[White "Seitz, Benjamin"]
[Black "Tjolsen, Katrine"]
[Result "0-1"]
[WhiteElo "2017"]
[BlackElo "2212"]
[PlyCount "138"]
[EventDate "2010.01.26"]
[EventType "swiss"]
[EventRounds "10"]
[EventCountry "GGB"]
[SourceDate "2005.02.07"]

1. d4 Nf6 2. c4 e6 3. Nf3 Bb4+ 4. Bd2 Qe7 5. a3 Bxd2+ 6. Nbxd2 d6 7. Qc2 e5 8e4 exd4 9. Nxd4 c5 10. Nb5 a6 11. Nc3 Nc6 12. Be2 Bd7 13. O-O Nd4 14. Qd3 Bc6
15. Rae1 O-O 16. f4 Rfe8 17. Bd1 b5 18. Nf3 bxc4 19. Qxc4 Nb5 20. Nd5 Bxd5 21exd5 Qb7 22. Ng5 Nc7 23. Qc2 h6 24. Ne4 Nxe4 25. Rxe4 Qxd5 26. Bf3 Rxe4 27. Rd1
Qc4 28. Qxe4 Qxe4 29. Bxe4 Rd8 30. Bc6 a5 31. Re1 Kf8 32. Re4 d5 33. Ra4 Rd6
34. Bb7 Rb6 35. Bc8 Rb8 36. Bg4 Ra8 37. Bf3 f5 38. b4 axb4 39. Rxa8+ Nxa8 40axb4 cxb4 41. Bxd5 Nc7 42. Bb3 Ke7 43. Kf2 Kd6 44. g3 Kc5 45. Ke3 Nb5 46. Kd3
Nd4 47. Ba2 b3 48. Bb1 Nb5 49. Ke3 Na3 50. Bxf5 b2 51. Be4 Kd6 52. g4 b1=Q 53Bxb1 Nxb1 54. h4 Nc3 55. Kd4 Nd5 56. Ke4 Ne7 57. f5 Nc6 58. g5 h5 59. Kf4 Ne5
60. g6 Nd7 61. Kg5 Nf6 62. Kf4 Kd5 63. Kg5 Kc4 64. Kf4 Kd4 65. Kg5 Nd5 66. Kxh5
Nf6+ 67. Kg5 Ke5 68. h5 Ng8 69. h6 gxh6+ 0-1

[Event "Gibtelecom Masters 8th"]
[Site "Gibraltar"]
[Date "2010.02.04"]
[Round "10.49"]
[White "Lasinskas, Povilas"]
[Black "Arakhamia-Grant, Ketevan"]
[Result "0-1"]
[WhiteElo "2174"]
[BlackElo "2470"]
[PlyCount "88"]
[EventDate "2010.01.26"]
[EventType "swiss"]
[EventRounds "10"]
[EventCountry "GGB"]
[SourceDate "2005.02.07"]

1. d4 Nf6 2. c4 g6 3. Nc3 Bg7 4. e4 d6 5. h3 O-O 6. Nf3 Na6 7. Bg5 c6 8. Bd3
Qe8 9. O-O e5 10. d5 Nh5 11. Bc2 h6 12. Be3 c5 13. a3 f5 14. exf5 gxf5 15. Nh4
Nc7 16. g4 fxg4 17. hxg4 Nf4 18. Bxf4 Rxf4 19. Qd3 Rxg4+ 20. Ng2 Qh5 21. Qh7+
Kf8 22. Be4 Ne8 23. f4 exf4 24. Ne2 Nf6 25. Nexf4 Nxh7 26. Nxh5+ Kg8 27. Bxh7+
Kxh7 28. Rf7 Rg5 29. Rxg7+ Rxg7 30. Nxg7 Kxg7 31. Re1 Bf5 32. Re7+ Kf6 33. Rxb7
a5 34. Kf2 h5 35. Rb6 Ke5 36. Ke3 Rg8 37. Nh4 Be4 38. Nf3+ Bxf3 39. Kxf3 a4 40b3 axb3 41. Rxb3 Kd4 42. Rb6 Rd8 43. a4 Kxc4 44. Ke4 Re8+ 0-1

[Event "Gibtelecom Masters 8th"]
[Site "Gibraltar"]
[Date "2010.02.04"]
[Round "10.50"]
[White "Vinas Guerrero, Carlos A"]
[Black "Zatonskih, Anna"]
[Result "0-1"]
[WhiteElo "2120"]
[BlackElo "2466"]
[PlyCount "94"]
[EventDate "2010.01.26"]
[EventType "swiss"]
[EventRounds "10"]
[EventCountry "GGB"]
[SourceDate "2005.02.07"]

1. e4 e6 2. d4 d5 3. Nc3 Bb4 4. exd5 exd5 5. Bd3 Nc6 6. Nge2 Nge7 7. O-O Bg4 8f3 Bh5 9. Be3 Bg6 10. a3 Ba5 11. Bf2 O-O 12. b4 Bb6 13. Na4 Re8 14. c3 Qd7 15Nb2 Nd8 16. Nf4 c6 17. Nxg6 hxg6 18. Re1 Ne6 19. Qd2 Bc7 20. Bg3 a5 21. Bc2 Nf5
22. Bxf5 gxf5 23. Bxc7 Nxc7 24. Nd3 b6 25. Rxe8+ Nxe8 26. Ne5 Qc7 27. Re1 Nd6
28. Qd3 Re8 29. Qc2 Nc4 30. bxa5 bxa5 31. a4 f6 32. Nd3 Rxe1+ 33. Nxe1 Qe7 34Nd3 Qe3+ 35. Kh1 Nd2 36. h3 f4 37. Kh2 Qe2 38. Kh1 Kh8 39. h4 Kg8 40. h5 Kh8
41. h6 g5 42. Qb2 Qxd3 43. Qb8+ Kh7 44. Qc7+ Kxh6 45. Qxc6 Qb1+ 46. Kh2 Nf1+
47. Kg1 Ng3+ 0-1

[Event "Gibtelecom Masters 8th"]
[Site "Gibraltar"]
[Date "2010.02.04"]
[Round "10.51"]
[White "Nilsen, Joachim Birger"]
[Black "Calzetta Ruiz, Monica"]
[Result "0-1"]
[WhiteElo "2152"]
[BlackElo "2359"]
[PlyCount "100"]
[EventDate "2010.01.26"]
[EventType "swiss"]
[EventRounds "10"]
[EventCountry "GGB"]
[SourceDate "2005.02.07"]

1. e4 c5 2. Nf3 Nc6 3. d4 cxd4 4. Nxd4 g6 5. c4 Nf6 6. Nc3 d6 7. Be2 Nxd4 8Qxd4 Bg7 9. Bg5 O-O 10. Qd2 a5 11. O-O a4 12. Rab1 Be6 13. f3 Qa5 14. Rfc1 Rfc8
15. Nb5 Qxd2 16. Bxd2 Nd7 17. Be3 Nc5 18. Nc3 Rc6 19. Nd5 Kf8 20. g4 f5 21exf5 gxf5 22. h3 fxg4 23. hxg4 Bf7 24. f4 Bxd5 25. cxd5 Rb6 26. Rc2 Rb4 27. Kg2
a3 28. b3 Nxb3 29. Rc4 Rxc4 30. Bxc4 Na5 31. Bd3 Rc8 32. Rc1 Rxc1 33. Bxc1 Bb2
34. Bd2 Nb3 35. Be3 Bd4 36. Kf3 Bxe3 37. Kxe3 h6 38. Bb1 Nc5 39. Kd4 Nd7 40Bf5 Nf6 41. Be6 h5 42. gxh5 Nxh5 43. Bc8 b6 44. f5 Kg7 45. Kc3 Nf4 46. Bb7 Kf6
47. Kb3 Kxf5 48. Kxa3 Ke5 49. Kb4 Nxd5+ 50. Kc4 Nc7 0-1

[Event "Gibtelecom Masters 8th"]
[Site "Gibraltar"]
[Date "2010.02.04"]
[Round "10.52"]
[White "Zozulia, Anna"]
[Black "Arnott, Jonathan W"]
[Result "1-0"]
[WhiteElo "2321"]
[BlackElo "2154"]
[PlyCount "79"]
[EventDate "2010.01.26"]
[EventType "swiss"]
[EventRounds "10"]
[EventCountry "GGB"]
[SourceDate "2005.02.07"]

1. e4 e6 2. d4 d5 3. Nd2 Nf6 4. e5 Nfd7 5. f4 c5 6. c3 Nc6 7. Ndf3 Qb6 8. Ne2
cxd4 9. cxd4 Bb4+ 10. Bd2 f6 11. Bxb4 Qxb4+ 12. Qd2 O-O 13. Nc3 fxe5 14. fxe5
Rxf3 15. gxf3 Nxd4 16. Bg2 Nxe5 17. O-O Qb6 18. Kh1 Bd7 19. Rad1 Nec6 20. f4
Kh8 21. Na4 Qc7 22. Nc5 Re8 23. b4 Nf5 24. Rc1 b6 25. Nd3 Qd6 26. b5 Ncd4 27Ne5 Kg8 28. Rfd1 g5 29. Qb2 Nxb5 30. fxg5 Ne3 31. Re1 d4 32. Rxe3 dxe3 33. Ng4
Qd4 34. Nf6+ Kh8 35. Qc2 Re7 36. Rd1 Qh4 37. Nxd7 Rxd7 38. Qc8+ Kg7 39. Qxd7+
Kg6 40. Qxe6+ 1-0

[Event "Gibtelecom Masters 8th"]
[Site "Gibraltar"]
[Date "2010.02.04"]
[Round "10.53"]
[White "Tozer, Philip"]
[Black "Videnova, Iva"]
[Result "1/2-1/2"]
[WhiteElo "2119"]
[BlackElo "2301"]
[PlyCount "99"]
[EventDate "2010.01.26"]
[EventType "swiss"]
[EventRounds "10"]
[EventCountry "GGB"]
[SourceDate "2005.02.07"]

1. c4 c5 2. g3 g6 3. Nc3 Bg7 4. Bg2 Nc6 5. a3 e6 6. b4 d6 7. Rb1 Nge7 8. e3 O-9. Nge2 cxb4 10. axb4 a5 11. b5 Ne5 12. d3 Rb8 13. Nd4 b6 14. f4 Nd7 15. Bb2
Nf6 16. Nc6 Nxc6 17. bxc6 d5 18. Nb5 Qe8 19. c7 Ra8 20. Ba3 Qd7 21. Bxf8 Bxf8
22. O-O Ba6 23. Qc2 Rc8 24. Rfc1 Bc5 25. d4 Bb4 26. cxd5 Nxd5 27. Bxd5 Qxd5 28Nc3 Bxc3 29. Rxb6 Bxd4 30. exd4 Bb7 31. Rxb7 Qxb7 32. Qc5 a4 33. Rc4 a3 34Qxa3 Rxc7 35. Rxc7 Qxc7 36. Qc5 Qb8 37. Qe5 Qxe5 38. dxe5 Kf8 39. Kf2 Ke7 40Ke3 Kd7 41. Kd4 Kc6 42. Kc4 Kb6 43. Kb4 h6 44. h3 Kc6 45. Kc4 Kb6 46. Kb4 h5
47. h4 Kc6 48. Kc4 Kb6 49. Kb4 Kc6 50. Kc4 1/2-1/2

[Event "Gibtelecom Masters 8th"]
[Site "Gibraltar"]
[Date "2010.02.04"]
[Round "10.54"]
[White "Stebbings, Anthony J"]
[Black "Byrn, Carsten"]
[Result "1-0"]
[WhiteElo "2290"]
[BlackElo "2171"]
[PlyCount "64"]
[EventDate "2010.01.26"]
[EventType "swiss"]
[EventRounds "10"]
[EventCountry "GGB"]
[SourceDate "2005.02.07"]

1. d4 Nf6 2. c4 g6 3. Nc3 d5 4. Bf4 Bg7 5. Nf3 O-O 6. Rc1 dxc4 7. e4 Bg4 8Bxc4 Bxf3 9. gxf3 Nh5 10. Be3 c6 11. O-O Nd7 12. f4 Bh6 13. Qf3 Nb6 14. Bb3 e6
15. f5 Bg7 16. fxe6 fxe6 17. Bxe6+ Kh8 18. Qg4 Qf6 19. f4 Bh6 20. Ne2 Ng7 21Bb3 Rae8 22. Qf3 Qe7 23. Ng3 Nf5 24. Nxf5 gxf5 25. e5 Rd8 26. Qh5 Bg7 27. Bf2
Qb4 28. Rc3 Rxd4 29. a3 Qxc3 30. bxc3 Rxf4 31. Bxb6 Rxf1+ 32. Kxf1 axb6 1-0

[Event "Gibtelecom Masters 8th"]
[Site "Gibraltar"]
[Date "2010.02.04"]
[Round "10.55"]
[White "Montero Melendez, Rafael"]
[Black "Thingstad, Even"]
[Result "1-0"]
[WhiteElo "2248"]
[BlackElo "2141"]
[PlyCount "79"]
[EventDate "2010.01.26"]
[EventType "swiss"]
[EventRounds "10"]
[EventCountry "GGB"]
[SourceDate "2005.02.07"]

1. d4 Nf6 2. c4 e6 3. Nc3 Bb4 4. f3 O-O 5. a3 Bxc3+ 6. bxc3 Nh5 7. Nh3 f5 8Bg5 Qe8 9. e4 fxe4 10. fxe4 h6 11. Be2 Nf6 12. Bxf6 Rxf6 13. e5 Rf8 14. Bh5 Qe7
15. Qg4 d6 16. Nf4 Qg5 17. O-O Qxg4 18. Bxg4 Nc6 19. Nxe6 Bxe6 20. Bxe6+ Kh7
21. exd6 cxd6 22. Bd5 Na5 23. Rab1 Rxf1+ 24. Kxf1 Rc8 25. Ke2 b6 26. Kd3 Rc7
27. Re1 Rd7 28. Re8 Kg6 29. Re6+ Kf5 30. h3 Nb7 31. g4+ Kf4 32. Bxb7 Rxb7 33Rxd6 Kg3 34. Rg6 Kxh3 35. d5 Kh4 36. Kd4 h5 37. gxh5 Kxh5 38. Rg1 g5 39. d6 Kg6
40. Kd5 1-0

[Event "Gibtelecom Masters 8th"]
[Site "Gibraltar"]
[Date "2010.02.04"]
[Round "10.57"]
[White "Duhayon, Yves"]
[Black "Andersson, Lars"]
[Result "1/2-1/2"]
[WhiteElo "2241"]
[BlackElo "2132"]
[PlyCount "101"]
[EventDate "2010.01.26"]
[EventType "swiss"]
[EventRounds "10"]
[EventCountry "GGB"]
[SourceDate "2005.02.07"]

1. d4 f5 2. c4 Nf6 3. Nc3 d6 4. Bg5 Nbd7 5. Qc2 g6 6. e3 e5 7. dxe5 dxe5 8O-O-O c6 9. g4 fxg4 10. h3 Qa5 11. hxg4 Bg7 12. Bxf6 Nxf6 13. g5 Nh5 14. Be2
Bf5 15. e4 Be6 16. Bxh5 gxh5 17. Nge2 Bg4 18. Ng3 Rd8 19. Rxd8+ Qxd8 20. Qd2
Qxd2+ 21. Kxd2 O-O 22. Ke1 Rd8 23. Nxh5 b5 24. cxb5 cxb5 25. Nf6+ Bxf6 26. gxf6
h5 27. Nd5 Kf7 28. Rg1 Ke6 29. Kd2 Bf3 30. Ke3 Bxe4 31. Nc7+ Kf5 32. f7 Rf8 33Nxb5 Bd5 34. Nd6+ Ke6 35. Ne4 Kxf7 36. Rg5 Bxa2 37. Rxh5 Ke6 38. Rh6+ Kf5 39Ra6 Bd5 40. Ng3+ Kg4 41. Rxa7 Rf3+ 42. Ke2 Rb3 43. Ra4+ Kh3 44. Ne4 Bxe4 45Rxe4 Rxb2+ 46. Kf3 Rb3+ 47. Re3 Rb5 48. Ke4+ Kg2 49. Kf5 Kxf2 50. Rxe5 Rxe5+
51. Kxe5 1/2-1/2

[Event "Gibtelecom Masters 8th"]
[Site "Gibraltar"]
[Date "2010.02.04"]
[Round "10.58"]
[White "Rioseco Pinochet, Fernan"]
[Black "Osuna Vega, Enrique"]
[Result "1/2-1/2"]
[WhiteElo "2226"]
[BlackElo "2128"]
[PlyCount "201"]
[EventDate "2010.01.26"]
[EventType "swiss"]
[EventRounds "10"]
[EventCountry "GGB"]
[SourceDate "2005.02.07"]

1. e4 e6 2. d4 d5 3. e5 c5 4. c3 Nc6 5. Nf3 Qb6 6. Be2 Nh6 7. Bxh6 gxh6 8. b3
Bg7 9. O-O O-O 10. Qd2 Bd7 11. Qe3 cxd4 12. cxd4 Nb4 13. Rc1 Rac8 14. Nc3 a5
15. Rab1 Qa7 16. a3 Na6 17. b4 axb4 18. axb4 b5 19. Nxb5 Bxb5 20. Bxb5 Rxc1+
21. Qxc1 Rb8 22. Bxa6 Qxa6 23. Qf1 Qa4 24. b5 Bf8 25. b6 Bb4 26. Qc1 Rxb6 27Ra1 Rc6 28. Qb1 Ba3 29. h4 Qb4 30. Qd1 Qb2 31. Kh2 Bf8 32. Ne1 Rc8 33. Kg1 Qc3
34. Rb1 Bg7 35. Qg4 Kh8 36. Nf3 Qc2 37. Rb7 Rc7 38. Rb8+ Rc8 39. Rxc8+ Qxc8 40Qf4 Kg8 41. g4 Qc2 42. Kg2 Qb1 43. h5 Qb7 44. g5 hxg5 45. Qxg5 h6 46. Qf4 Qb1
47. Nh2 Qb8 48. Ng4 Qf8 49. Qe3 Kh7 50. Qd3+ Kh8 51. f4 Qd8 52. Kh3 Qc8 53. Ne3
Qc1 54. Kh2 Qe1 55. Ng2 Qf2 56. Qe3 Qxe3 57. Nxe3 Bf8 58. f5 Bb4 59. fxe6 fxe6
60. Kg2 Bc3 61. Nc2 Kg7 62. Kf3 Kf7 63. Ke2 Ba5 64. Kd3 Bd8 65. Kc3 Be7 66. Kb3
Ke8 67. Ka4 Kd7 68. Kb5 Bg5 69. Nb4 Kc7 70. Nd3 Kd7 71. Nc5+ Ke7 72. Kc6 Be3
73. Nb3 Bf2 74. Kc5 Kd7 75. Nc1 Be3 76. Nd3 Kc7 77. Nb4 Kd7 78. Nxd5 exd5 79Kxd5 Bc1 80. Ke4 Ke7 81. d5 Bb2 82. Kf5 Ba3 83. d6+ Bxd6 84. exd6+ Kxd6 85. Kf6
Kd7 86. Kf7 Kd6 87. Kg6 Ke6 88. Kg7 Kf5 89. Kxh6 Kf6 90. Kh7 Kf7 91. Kh8 Kf8
92. Kh7 Kf7 93. Kh6 Kf8 94. Kg6 Kg8 95. Kg5 Kh7 96. h6 Kh8 97. Kg6 Kg8 98. Kf6
Kh7 99. Kg5 Kh8 100. Kg6 Kg8 101. Kg5 1/2-1/2

[Event "Gibtelecom Masters 8th"]
[Site "Gibraltar"]
[Date "2010.02.04"]
[Round "10.59"]
[White "Lyell, Mark"]
[Black "Valgmae, Toomas"]
[Result "0-1"]
[WhiteElo "2224"]
[BlackElo "2154"]
[PlyCount "120"]
[EventDate "2010.01.26"]
[EventType "swiss"]
[EventRounds "10"]
[EventCountry "GGB"]
[SourceDate "2005.02.07"]

1. e4 d6 2. Nc3 Nf6 3. f4 g6 4. Bc4 Bg7 5. d3 O-O 6. Nf3 c5 7. O-O Nc6 8. Qe1
Na5 9. Qh4 Nxc4 10. dxc4 e6 11. e5 Nd7 12. Qg3 dxe5 13. Ne4 f6 14. fxe5 Nxe5
15. Be3 Nxc4 16. Rfd1 Bd7 17. Bxc5 Rf7 18. b3 b6 19. Bb4 a5 20. Bc3 Ne3 21. Ne5
fxe5 22. Qxe3 Qc7 23. Nd6 Rf4 24. Bxe5 Bxe5 25. Qxe5 Raf8 26. c4 Qc5+ 27. Qxc5
bxc5 28. Rf1 Bc6 29. Nb5 Bxb5 30. Rxf4 Rxf4 31. g3 Rd4 32. cxb5 Rb4 33. Rd1
Rxb5 34. Rd7 a4 35. bxa4 Rb1+ 36. Kf2 Rb2+ 37. Ke3 Rxa2 38. Ra7 Rxh2 39. a5 Rg2
40. Kf4 e5+ 41. Kf3 Ra2 42. Ke4 c4 43. Kxe5 c3 44. a6 Ra1 45. Rc7 Rxa6 46. Rxc3
Ra7 47. g4 Rf7 48. Ke6 Kg7 49. g5 Ra7 50. Rc1 h6 51. gxh6+ Kxh6 52. Rh1+ Kg7
53. Rf1 g5 54. Ke5 Re7+ 55. Kd4 Kg6 56. Kd3 g4 57. Kd2 Kg5 58. Re1 Rxe1 59Kxe1 Kh4 60. Kf1 Kh3 0-1

[Event "Gibtelecom Masters 8th"]
[Site "Gibraltar"]
[Date "2010.02.04"]
[Round "10.60"]
[White "Fox, Anthony"]
[Black "Chapman, Terry P D"]
[Result "0-1"]
[WhiteElo "2113"]
[BlackElo "2221"]
[PlyCount "80"]
[EventDate "2010.01.26"]
[EventType "swiss"]
[EventRounds "10"]
[EventCountry "GGB"]
[SourceDate "2005.02.07"]

1. e4 g6 2. d4 Bg7 3. Nf3 d6 4. Bc4 Nf6 5. Qe2 O-O 6. Bb3 Nc6 7. O-O Bg4 8. c3
e5 9. d5 Ne7 10. h3 Bd7 11. c4 Nh5 12. Nc3 h6 13. Bc2 a5 14. Rb1 Kh8 15. Kh2 f5
16. g3 f4 17. g4 Nf6 18. Ne1 Rf7 19. f3 Neg8 20. Bd2 h5 21. Ng2 Bh6 22. Be1 Rh7
23. Rh1 Qe7 24. Kg1 Rf8 25. Nh4 Be8 26. Bd1 Bg5 27. Ng2 Bd7 28. Qd3 Qg7 29. Bh4
Bxh4 30. Nxh4 hxg4 31. hxg4 Qh6 32. g5 Qxg5+ 33. Ng2 Rxh1+ 34. Kxh1 Rf7 35. Kg1
Rh7 36. b3 Nh5 37. Rb2 Ng3 38. Kf2 Rh1 39. Be2 Bh3 40. Rb1 Nxe4+ 0-1

[Event "Gibtelecom Masters 8th"]
[Site "Gibraltar"]
[Date "2010.02.04"]
[Round "10.63"]
[White "Carame Gonzalez, Francisco"]
[Black "Martsynovskaya, Marina"]
[Result "1-0"]
[WhiteElo "1977"]
[BlackElo "2184"]
[PlyCount "99"]
[EventDate "2010.01.26"]
[EventType "swiss"]
[EventRounds "10"]
[EventCountry "GGB"]
[SourceDate "2005.02.07"]

1. e4 e5 2. Nf3 Nc6 3. d4 exd4 4. Nxd4 Bb4+ 5. c3 Be7 6. Be3 Nf6 7. Nd2 Nxd4 8cxd4 O-O 9. Be2 d6 10. O-O c5 11. f3 b6 12. Re1 Bb7 13. Nf1 Rc8 14. d5 a6 15a4 Re8 16. Qd2 Nd7 17. Ng3 g6 18. Bh6 Bf6 19. f4 Bd4+ 20. Kh1 Qf6 21. Rf1 Bxb2
22. e5 dxe5 23. Ne4 Qe7 24. Qxb2 Bxd5 25. Nc3 Bb7 26. Bc4 Qh4 27. Bg5 Qg4 28Nd5 exf4 29. Bxf4 Re6 30. Ne3 Rxe3 31. Bxf7+ Kxf7 32. Bxe3+ Kg8 33. Bh6 Qd4 34Qe2 Ne5 35. Rad1 Qg4 36. Qf2 Nf3 37. gxf3 c4 38. Rd4 Qe6 39. Rfd1 Qf6 40. Kg2
c3 41. Be3 b5 42. Qa2+ Kh8 43. Rf4 c2 44. Re1 Qg5+ 45. Kf2 Bd5 46. Qb2+ Kg8 47Rf8+ Rxf8 48. Bxg5 Bxf3 49. Bh6 Bc6+ 50. Bxf8 1-0

[Event "Gibtelecom Masters 8th"]
[Site "Gibraltar"]
[Date "2010.02.04"]
[Round "10.64"]
[White "Freuler, Roman"]
[Black "Royset, Paal"]
[Result "1-0"]
[WhiteElo "2082"]
[BlackElo "2279"]
[PlyCount "97"]
[EventDate "2010.01.26"]
[EventType "swiss"]
[EventRounds "10"]
[EventCountry "GGB"]
[SourceDate "2005.02.07"]

1. e4 c5 2. c4 Nc6 3. Nc3 g6 4. g3 Bg7 5. Bg2 a6 6. Nge2 e6 7. d3 Nge7 8. Be3
Nd4 9. Rb1 O-O 10. O-O d6 11. Qd2 Re8 12. Bh6 Bh8 13. Nxd4 cxd4 14. Ne2 Bd7 15Rfe1 Bc6 16. h4 d5 17. exd5 exd5 18. c5 Nf5 19. Bg5 Qd7 20. Kh2 Be5 21. Bf4 f6
22. Ng1 Qc7 23. Nh3 Re7 24. Re2 Rae8 25. Rbe1 Ng7 26. Bf3 Nf5 27. Bg2 Kg7 28b4 h6 29. Kg1 Kh7 30. a3 Qd7 31. Kh2 Kg7 32. Bf3 Qc7 33. Bg2 Rh8 34. Bxe5 fxe5
35. Qa2 e4 36. dxe4 d3 37. Qb2+ Kh7 38. exf5 dxe2 39. fxg6+ Kg8 40. Rxe2 Rxe2
41. Qxe2 Qd7 42. Nf4 d4 43. Bh3 d3 44. Nxd3 Qe8 45. Be6+ Kg7 46. Qe5+ Kxg6 47Nf4+ Kh7 48. Qf5+ Kg7 49. Nh5+ 1-0

[Event "Gibtelecom Masters 8th"]
[Site "Gibraltar"]
[Date "2010.02.04"]
[Round "10.65"]
[White "Schuetze, Norman"]
[Black "Pienabarca, Nicola"]
[Result "0-1"]
[WhiteElo "2269"]
[BlackElo "2071"]
[PlyCount "124"]
[EventDate "2010.01.26"]
[EventType "swiss"]
[EventRounds "10"]
[EventCountry "GGB"]
[SourceDate "2005.02.07"]

1. e4 e5 2. Nf3 Nc6 3. d4 exd4 4. Nxd4 Nf6 5. Nxc6 bxc6 6. e5 Qe7 7. Qe2 Nd5 8c4 Ba6 9. b3 O-O-O 10. g3 g5 11. Bg2 Bg7 12. Bb2 Rde8 13. O-O Bxe5 14. Qxe5
Qxe5 15. Bxe5 Rxe5 16. cxd5 Bxf1 17. Kxf1 cxd5 18. Na3 c6 19. Nc2 Kc7 20. Rd1
h5 21. h3 h4 22. g4 f5 23. gxf5 Rxf5 24. Ne3 Rf7 25. Rd2 Rhf8 26. Kg1 Re8 27Rd4 Ref8 28. Rd2 Rb8 29. Nc2 Rf4 30. Ne3 Rf7 31. Bf1 Rf4 32. Be2 Rfb4 33. Nc2
Re4 34. Kg2 Rbe8 35. Bg4 R4e7 36. Nd4 Rf7 37. b4 Rff8 38. a3 Re4 39. Nb3 Re1
40. Nc5 Rf7 41. Nb3 Rfe7 42. Nd4 R1e4 43. Nf3 Rg7 44. Rd3 a5 45. bxa5 Ra4 46Nd4 Rxa5 47. Bd1 Rf7 48. a4 Kd6 49. Rd2 c5 50. Nb5+ Kc6 51. Bf3 Rxf3 52. Kxf3
Rxa4 53. Rb2 Rb4 54. Rxb4 cxb4 55. Nd4+ Kc5 56. Ke3 Kc4 57. Ne2 b3 58. Kd2 d4
59. Kc1 d3 60. Ng1 Kc3 61. Nf3 b2+ 62. Kd1 b1=Q# 0-1

[Event "Gibtelecom Masters 8th"]
[Site "Gibraltar"]
[Date "2010.02.04"]
[Round "10.66"]
[White "Dasaolu, Adeoye"]
[Black "Hartvig, Ove Weiss"]
[Result "0-1"]
[WhiteElo "2068"]
[BlackElo "2245"]
[PlyCount "58"]
[EventDate "2010.01.26"]
[EventType "swiss"]
[EventRounds "10"]
[EventCountry "GGB"]
[SourceDate "2005.02.07"]

1. d4 c5 2. Nf3 Nf6 3. c4 cxd4 4. Nxd4 e5 5. Nb5 d5 6. cxd5 Bc5 7. N5c3 O-O 8e3 e4 9. Bc4 Qe7 10. a3 Rd8 11. b4 Bb6 12. Bb2 Bf5 13. Nd2 Nbd7 14. Qb3 Ne5 15Na4 Bc7 16. Bd4 Nxc4 17. Qxc4 Nxd5 18. Nc5 b6 19. Ncb3 Rac8 20. Qe2 Rd6 21. g4
Bd7 22. h4 Bb8 23. g5 Nc3 24. Qh5 Rxd4 25. Nxd4 g6 26. Qh6 Be5 27. h5 Bg7 28hxg6 Bxh6 29. gxh7+ Kh8 0-1

[Event "Gibtelecom Masters 8th"]
[Site "Gibraltar"]
[Date "2010.02.04"]
[Round "10.67"]
[White "Byron, Alan M"]
[Black "Nadig, Kruttika"]
[Result "0-1"]
[WhiteElo "2054"]
[BlackElo "2240"]
[PlyCount "96"]
[EventDate "2010.01.26"]
[EventType "swiss"]
[EventRounds "10"]
[EventCountry "GGB"]
[SourceDate "2005.02.07"]

1. c4 Nf6 2. Nc3 d5 3. cxd5 Nxd5 4. g3 g6 5. Bg2 Nb6 6. Nf3 Bg7 7. O-O O-O 8d3 Nc6 9. Be3 h6 10. a3 Be6 11. Qd2 Kh7 12. b4 Qd7 13. Ne4 Nd5 14. b5 Nxe3 15fxe3 Nd8 16. Rab1 Bd5 17. Nc3 Bxf3 18. Bxf3 c6 19. a4 cxb5 20. axb5 h5 21. Ne4
Ne6 22. d4 Bh6 23. Qd3 Rac8 24. Ra1 b6 25. Nf2 Qc7 26. Ra3 Ng7 27. Rfa1 Nf5 28e4 Ne3 29. Rxa7 Qxa7 30. Rxa7 Rc1+ 31. Nd1 Rxd1+ 32. Qxd1 Nxd1 33. Rxe7 Be3+
34. Kh1 Bxd4 35. Rd7 Nf2+ 36. Kg2 Bc5 37. h3 Re8 38. Rxf7+ Kh6 39. g4 hxg4 40hxg4 Nxe4 41. Rd7 Nc3 42. Bc6 Rxe2+ 43. Kf3 Rf2+ 44. Kg3 Ne2+ 45. Kh3 Be3 46Be4 Bf4 47. Bg2 Ng1+ 48. Kh4 g5# 0-1